[Event "MK Cafe Cup-A"]
[Site "Koszalin"]
[Date "1999.08.07"]
[Round "5"]
[White "Timoshenko, Georgy"]
[Black "Schmidt, Wlodzimierz"]
[Result "1-0"]
[WhiteElo "2576"]
[BlackElo "2436"]
[Annotator "Psakhis,L"]
[PlyCount "61"]
[EventDate "1999.08.03"]
[EventType "swiss"]
[EventRounds "9"]
[EventCountry "POL"]
[SourceTitle "CBM 073"]
[Source "ChessBase"]
[SourceDate "1999.12.01"]
[SourceVersion "1"]
[SourceVersionDate "1999.12.01"]
[SourceQuality "1"]

1. e4 e6 2. d4 d5 3. Nc3 Bb4 4. e5 c5 5. a3 Bxc3+ 6. bxc3 Ne7 7. Qg4 O-O 8. Bd3
Qa5 (8... Nbc6 $5) (8... f5 $5) 9. Bd2 Nbc6 $5 {Move was introduced into the
modern practice by Rustemov. Black tried also} (9... f5 {but without big
success, after} 10. exf6 Rxf6 11. Qh5 Nf5 12. dxc5 Nd7 13. g4 $1 g6 14. Qh3 Ne7
15. Nf3 Qxc5 16. Ng5 Nf8 17. f4 $36 {1-0 Sakaev,K-Rustemov,A/St.Petersburg
1997/CBM 62 (58) White got very promising pozition.}) 10. Nf3 $5 {[%cal Rd3h7]
Improvment compare to} (10. Qh5 h6 11. Nf3 c4 12. Be2 f6 $1 13. exf6 Rxf6 14.
Ne5 Nxe5 ({also interesting} 14... Qa4 15. Nxc6 Nxc6 16. Bd1 Bd7 17. O-O Raf8
18. g3 e5 19. dxe5 Rf5 20. Qg6 Nxe5 21. Qd6 Nf7 22. Qc5 Bc6 23. Bf4 Re8 $13 {
1/2-1/2 De Gleria,F-Goloshchapov,A/Montecatini Terme op 1999 (31)}) 15. Qxe5
Nc6 16. Qe3 Qa4 17. Ra2 Bd7 18. O-O Raf8 19. g3 Be8 20. Bg4 Nd8 21. Qe2 Bg6 $15
{0-1 Pedzich,D-Rustemov,A/Swidnica 1999/CBM 71 (39) and black seized
initiative.}) 10... f5 ({Provocative} 10... c4 $2 {doesn,t work well-} 11.
Bxh7+ $1 Kxh7 12. Qh5+ Kg8 13. Ng5 Rd8 14. Qh7+ Kf8 15. Qh8+ Ng8 16. Nh7+ Ke7
17. Qxg7 $16 {[%cal Rh2h8] gives to white terrific attack.}) 11. exf6 Rxf6 12.
Qh5 g6 $146 {Weakened dark squares on the king,s side, but} (12... Nf5 13. g4
c4 14. gxf5 cxd3 15. Rg1 Bd7 16. c4 Qc7 17. Bh6 $40 {1/2-1/2 Sax,
G-Goloshchapov,A/Montecatini Terme op 1999 (35) looks very risky for black.}) (
12... h6 $6 13. Qe8+ Rf8 14. Bh7+) 13. Qg5 Rf7 ({Deserves attention exchange
sacrifice-} 13... Rxf3 {but I think that after} 14. gxf3 c4 15. Be2 Bd7 16. h4
$1 {White,s chances are better any case.}) 14. h4 $1 c4 15. Be2 Bd7 16. h5 Raf8
17. hxg6 Nxg6 18. Qh6 {Very quickly White organized strong threats on the king
side, and Black needs good advice.} Nce7 (18... e5 19. Ng5) 19. Ng5 Nf5 20. Qh2
Rg7 21. Nxh7 {White has now and material and positional advantage.} Rd8 22. g4
$1 Nfe7 (22... Nfh4 23. Nf6+ Kf7 24. Nh5 Rh7 25. Qg3 $18) 23. Nf6+ Kf7 24. g5 (
24. Nh5 $5 Rh7 25. Qg3 $16) 24... Nf5 $6 (24... Ba4 $5 25. Rc1 $1 {[%cal Ge2h5]
}) 25. Bh5 $1 Ke7 26. Bxg6 Rxg6 27. Qe5 $18 Kf7 28. Ke2 (28. Rh7+ Rg7 29. Nh5
$1 {wins immediately, for example} Rxh7 30. g6+ Kg8 (30... Kxg6 31. Qf6+ Kxh5
32. Qg5#) 31. gxh7+ Kxh7 32. Nf6+ $18) 28... Ba4 29. Rh7+ Rg7 (29... Ng7 30.
Nh5) 30. g6+ $1 Ke7 (30... Kxg6 31. Rg1+) 31. Bg5 (31. Bg5 Rxh7 32. gxh7 {
[%cal Rf6g8,Rf6d5]}) 1-0

[Event "Vikings GM 1st"]
[Site "York"]
[Date "1999.12.18"]
[Round "6"]
[White "Hector, Jonny"]
[Black "Barsov, Alexei"]
[Result "0-1"]
[WhiteElo "2505"]
[BlackElo "2539"]
[Annotator "Psakhis,L"]
[PlyCount "74"]
[EventDate "1999.12.13"]
[EventType "tourn"]
[EventRounds "10"]
[EventCountry "ENG"]
[EventCategory "12"]
[SourceTitle "CBM 075"]
[Source "ChessBase"]
[SourceDate "2000.04.05"]
[SourceVersion "1"]
[SourceVersionDate "2000.04.05"]
[SourceQuality "1"]

1. e4 e6 2. d4 d5 3. Nc3 Bb4 4. e5 c5 5. a3 Ba5 $5 {This sharp line became
very popular in modern practice,mostly thank's to efforts of Lputian and
Vaganian.} 6. b4 cxd4 7. Nb5 Bc7 8. f4 Bd7 $5 (8... Nh6 9. Nf3 Bd7 10. Nxc7+
Qxc7 11. Bd3 a6 12. a4 Nf5 13. Qd2 Nc6 14. Bb2 O-O 15. Bxf5 exf5 16. Bxd4 Nxd4
17. Nxd4 $14 {1-0 Almasi,Z-Lputian,S/Pula 1997/EXP 57 (44)}) 9. Nxd4 (9. Nf3
Bxb5 10. Bxb5+ Nd7 $1 11. O-O Ne7 12. g4 a6 13. Bd3 h5 14. h3 hxg4 15. hxg4 Nb6
16. b5 Nc4 17. bxa6 Rxa6 18. Rb1 Rb6 19. Rb3 Rxb3 20. cxb3 Ne3 21. Bxe3 dxe3
$36 {0-1 Van den Doel,E-Lputian,S/Wijk aan Zee-B 1999/CBM 69 (38)}) (9. Nxc7+
$142 $5 Qxc7 10. Nf3) 9... Nh6 10. Ngf3 Bb6 (10... Nc6 11. Bb2 Nxd4 12. Bxd4
Nf5 13. Bf2 Bb6 14. Qd2 Bxf2+ 15. Qxf2 Qc7 16. Qd2 a5 17. b5 Qc5 18. a4 Rc8 19.
Bd3 Ne3 20. Ke2 Nc4 21. Qc1 O-O 22. Re1 f6 23. Kf1 Be8 24. exf6 Rxf6 25. g3 {
Arakhamia,K-Shaw,J/SCO-ch Edinburgh 1999/1-0 (36)}) 11. Bd3 Nc6 12. c3 Bxd4 $5
$146 {[%mdl 4] Interesting novelty in well known position. Barsob prefer to
keep knight on the board in quite close position.But to do justice Black did
Ok and after} (12... Nxd4 {for example} 13. cxd4 a6 14. a4 Nf5 15. Bb2 Ne3 16.
Qe2 Nc4 17. O-O Rc8 18. Bc1 Qe7 19. a5 Ba7 20. Rb1 f5 21. exf6 gxf6 22. Kh1 f5
23. Bd2 O-O 24. b5 axb5 25. Bb4 Qf6 26. Bxf8 Rxf8 27. Ne5 {Minasjan,A-Lputian,
S/Lvov (zt) 1990/ 0-1 (73)}) 13. cxd4 Nf5 14. Bb2 Qb6 15. Be2 ({Black has
nothing to worry about after} 15. Bxf5 exf5 {[%cal Gc6d8,Gd8e6,Gd7b5]}) 15...
Na5 16. Kf2 $6 ({Deserves attention} 16. bxa5 $5 Qxb2 17. Qc1 Qxc1+ 18. Rxc1
Ke7 19. Kd2 $14 {[%cal Gg2g4,Gc1c7] and White keeps small edge}) 16... Nc4 17.
Bc1 {[%cal Gg2g4]} h5 $8 18. g3 {[%cal Gh2h3,Gg3g4]} O-O-O 19. Rb1 (19. h3 h4
$5 20. g4 Ng3) 19... f6 {[%cal Gd7e8,Ge8g6] It is clear now that it is just
Black who can pretend for advantage} 20. a4 Kb8 21. Re1 (21. Bd3 $142) 21...
Be8 $1 {[%cal Ge8g6]} 22. Bd3 Bg6 23. a5 Qc6 (23... Qb5 $6 24. exf6 gxf6 25.
Rxe6 $16) 24. b5 Qd7 25. Bd2 Rc8 26. Bb4 Ka8 (26... Qf7 $5) 27. Bc5 Qf7 28. Qa4
$6 ({It was much better to play} 28. Bxc4 $5 dxc4 29. Rc1 Ne7 30. Rxc4 Nd5 $44
{and Black has great compensation for the pawn, but White has something to
suffer for at least.}) 28... h4 $1 $36 {Beggining of the crucial attack} (28...
Nh6 $5) 29. Bxc4 (29. g4 $6 Nh6 $19) 29... hxg3+ 30. hxg3 dxc4 31. Qxc4 $4 {
Final mistake} ({Good or bad White had to play} 31. Rbc1 $1 Rh3 $132) 31...
Nxg3 $1 32. Kxg3 (32. Rb3 Ne4+ 33. Kg1 fxe5 34. fxe5 Rh3 $1 $19) 32... Bxb1 33.
exf6 (33. Rxb1 $2 Qg6+ {[%cal Rg6b1]}) 33... gxf6 {[%csl Rg3][%cal Rf7h5,Rc8g8]
} 34. Qxe6 Rhg8+ 35. Kf2 Qg6 36. a6 Qg2+ 37. Ke3 Rge8 0-1

[Event "United Insurance 4th"]
[Site "Dhaka"]
[Date "1999.02.22"]
[Round "4"]
[White "Short, Nigel D"]
[Black "Shulman, Yuri"]
[Result "1/2-1/2"]
[WhiteElo "2697"]
[BlackElo "2523"]
[Annotator "Psakhis,L"]
[PlyCount "33"]
[EventDate "1999.02.19"]
[EventType "tourn"]
[EventRounds "13"]
[EventCountry "BAN"]
[EventCategory "10"]
[SourceTitle "CBM 070"]
[Source "ChessBase"]
[SourceDate "1999.06.08"]
[SourceVersion "1"]
[SourceVersionDate "1999.06.08"]
[SourceQuality "1"]

1. e4 e6 2. d4 d5 3. Nc3 Bb4 4. e5 c5 5. a3 Bxc3+ 6. bxc3 Ne7 7. Bd3 {Rare
move, never was popular between strong players, but maybe Nigel just hasn,t
strong weapon against French. In his next "french" game in 8th round Short
choose} (7. Qg4 {but, unfortunately for him was just crushed}) 7... Nbc6 8. Qg4
Qa5 {Most natural move, black could try also} (8... c4 9. Be2 O-O {for example}
10. h4 f6 11. Nf3 fxe5 12. Nxe5 Nxe5 13. dxe5 Qc7 14. f4 Bd7 15. h5 Nf5 16. h6
g6 17. Qh3 Ba4 {with nice game, 0-1 Pavlovic,M-Drasko,M/Jugoslavija 1997}) 9.
Bd2 c4 10. Be2 O-O (10... Nf5 11. Nf3 Bd7 12. Ng5 h6 13. Qh3 ({Long time ago
Timman played risky} 13. Qh5 Rf8 14. Nh7 {and after} Rg8 15. g4 Nfe7 16. g5 Rh8
17. Nf6+ gxf6 18. gxf6 Nf5 19. Rg1 Rf8 20. Rg7 O-O-O {I am not sure that white
have enough compensation for the piece, despite positive result of the game
1-0 Timman-Velimirovic/Sarajevo 1985 (45)}) 13... Rf8 14. Nf3 O-O-O 15. g4 Nfe7
16. Nh4 f6 17. exf6 Rxf6 18. f4 Rdf8 $36 {Vehi-Nikitin,A, Groningen op 1995})
11. h4 (11. Nf3 f6 12. h4 fxe5 13. Nxe5 Nxe5 14. dxe5 Ng6 15. f4 Nxf4 $5 16.
Bxf4 Qxc3+ 17. Kf2 Qxe5 18. Kg3 Qc3+ 19. Qf3 Qxc2 $132 {1/2-1/2 Kovtun,
S-Yunusov,A/Voroshilovgrad 1989 (66)}) 11... f6 12. f4 Qa4 {N/} (12... Nf5 13.
Rh3 Qb6 14. Nf3 Qb2 15. Rc1 Qxa3 16. Ng5 $6 fxg5 17. hxg5 g6 $17 {0-1
Kleehammer,O-Kamp,C/Passau op 1998 (45)}) 13. Bd1 {To make this move is
similar to draw proposal, white had to play} (13. Kd1 $5 {if they wanted to
continue game}) 13... Qb5 {[%cal Gb5b2]} 14. Bc1 $8 Qa5 15. Bd2 (15. Ne2 $2
Nxd4 $1 $19) (15. Kd2 $2 Nxd4 $19) 15... Qb5 16. Bc1 Qa5 17. Bd2 1/2-1/2

[Event "GER-ch 71st"]
[Site "Altenkirchen"]
[Date "1999.11.17"]
[Round "6"]
[White "Lutz, Christopher"]
[Black "Mueller, Karsten"]
[Result "1-0"]
[WhiteElo "2591"]
[BlackElo "2533"]
[Annotator "Psakhis,L"]
[PlyCount "59"]
[EventDate "1999.11.12"]
[EventType "swiss"]
[EventRounds "9"]
[EventCountry "GER"]
[SourceTitle "CBM 074"]
[Source "ChessBase"]
[SourceDate "2000.02.01"]
[SourceVersion "1"]
[SourceVersionDate "2000.02.01"]
[SourceQuality "1"]

1. e4 e6 2. d4 d5 3. Nc3 Bb4 4. e5 c5 5. a3 Ba5 6. b4 cxd4 7. Qg4 $5 {Most
dangerous line for Black. Another opportunity is} (7. Nb5 Bc7 {with mutial
possibilities}) 7... Ne7 8. bxa5 dxc3 9. Qxg7 {[%mdl 4]} Rg8 10. Qxh7 Nbc6 11.
Nf3 $1 ({Weaker} 11. f4 Qxa5 12. Nf3 Bd7 13. Ng5 O-O-O $1 14. Nxf7 Nf5 15. Nxd8
Qxd8 16. Qh3 Ncd4 17. Qxc3+ Kb8 {0-1 Ernst,T-Kinsman,A/Gausdal 1995 (23) with
great compensation for exchange.}) 11... Qc7 12. Bf4 Bd7 13. Bd3 O-O-O 14. Bg3
Qxa5 ({In the case of} 14... Rdf8 15. a6 Ng6 (15... b6 $5) 16. axb7+ Kxb7 17.
O-O Ka8 18. Rab1 Nge7 19. Qh4 Qa5 20. Nd4 $16 {white,s advantage is obvious})
15. O-O Qc5 (15... Qa4 16. Qh6 Qg4 17. Rab1 Nf5 18. Qf4 Qxf4 19. Bxf4 Rg4 20.
g3 Nce7 21. h3 Rxf4 22. gxf4 d4 23. Kh2 Be8 24. Rfd1 Bc6 25. Ng5 {1-0 Giaccio,
A-Tempone,M/Mar del Plata op 1998 (33)}) 16. Qh4 (16. Rfe1 Rh8 17. Qxf7 Rdf8
18. Qg7 Nf5 19. Bxf5 Rhg8 20. Qh6 Rxf5 $13 {1-0 Dolmatov,S-Lputian,S/Manila 
(izt) 1990/Inf 49/}) 16... Rg7 $146 (16... a6 17. Ng5 Be8 18. Qf4 Nd4 19. Rfe1
Nef5 20. a4 Rg7 21. Nf3 Nxf3+ 22. gxf3 Qd4 23. Qxd4 Nxd4 24. Re3 Nc6 25. Kf1
Bd7 26. Be2 d4 {0-1 Polgar,J-Vaganian,R/Groningen PCA 1993 (40)}) 17. Rfb1 {
It looks that white,s chances are better-he has two bishops and what is very
important, safe position of the king, thank you to bishop g3.} a6 18. h3 Rdg8
19. Kh2 d4 {Black wants to organize some counterplay, but now d pawn becames
weak.} (19... Nf5 20. Bxf5 exf5 21. Rd1 $1 Be6 22. Nd4 $36) 20. Be4 $1 Nd5 (
20... Nf5 21. Bxf5 exf5 22. Rd1 {[%csl Rd4]}) 21. Bxd5 $1 Qxd5 22. Rd1 {
[%csl Rd4]} Nxe5 {Very funny idea, but, unfortunately for black, doesn,t
brings real relief.} (22... Rg6 23. Qf4 $5 {[%cal Rf3d4]} (23. Nxd4 Nxe5 24.
Ne2 $1 Qf3 $1 (24... Qc4 25. Qxc4+ Nxc4 26. Rd3 $16) 25. Nf4 $140 Rxg3 26. fxg3
Qf2 $44 {[%cal Gd7c6]}) 23... f6 24. exf6 e5 25. Nxe5 Rxg3 (25... Qxe5 26. f7
$18) 26. fxg3 Qxe5 27. Qxe5 Nxe5 28. Rxd4 $18) 23. Nxe5 Qxe5 24. Rxd4 $1 $16 {
[%csl Rc8,Gg3]} (24. Bxe5 $4 Rxg2+ 25. Kh1 Bc6 $1 $19) 24... Rxg3 {Sacrifice
of desperation.} (24... Bc6 $142 $5 25. Rad1 Qg5) 25. fxg3 Bc6 26. Rad1 f6 (
26... Kb8 27. Rd8+ Rxd8 28. Qxd8+ Ka7 29. Qd4+ $18) 27. Rg4 Re8 28. Rc4 $18 Qe2
(28... Rg8 29. Rd3) 29. Rxc6+ bxc6 30. Qd4 1-0

[Event "GER-ch 70th"]
[Site "Bremen"]
[Date "1998.11.09"]
[Round "4"]
[White "Zeller, Frank"]
[Black "Kindermann, Stefan"]
[Result "1/2-1/2"]
[WhiteElo "2445"]
[BlackElo "2540"]
[Annotator "Psakhis,L"]
[PlyCount "120"]
[EventDate "1998.11.06"]
[EventType "swiss"]
[EventRounds "9"]
[EventCountry "GER"]
[SourceTitle "CBM 068"]
[Source "ChessBase"]
[SourceDate "1999.02.01"]
[SourceVersion "1"]
[SourceVersionDate "1999.02.01"]
[SourceQuality "1"]

1. e4 e6 2. d4 d5 3. Nc3 Bb4 4. e5 c5 5. a3 Bxc3+ 6. bxc3 Ne7 7. h4 Qa5 8. Bd2
cxd4 9. cxd4 Qa4 10. Rb1 (10. Bc3 b6 11. h5 h6 12. Rh3 Ba6 13. Ne2 Nbc6 14. Bb4
Bc4 15. Rb1 Qa6 16. g4 Rc8 17. f4 Kd7 18. Re3 g6 19. Bh3 Bxe2 20. Rxe2 gxh5 21.
gxh5 Rhg8 {0-1 Fischer,T-Rudolf,M/Wuertenberg tt 1994 (43)}) (10. h5 h6 11. Nf3
b6 12. Qb1 Ba6 13. Qb3 Qd7 14. Bxa6 Nxa6 15. O-O Rc8 16. a4 O-O 17. Qb5 Qb7 $11
{0-1 Wapner,J-Blees,A/Amsterdam op 1996 (36)}) (10. Nf3 Nbc6 11. Bc3 b6 12. h5
h6 13. Qd3 a5 14. Qd2 Ba6 15. Bxa6 Rxa6 16. g4 Kd7 $11 17. Nh4 Nxe5 18. dxe5
Qe4+ 19. Qe2 Qxh1+ 20. Kd2 Qxh4 21. Qxa6 Qxf2+ 22. Kc1 Rc8 {0-1 Werner,
M-Mueller,O/BL 1994 (22)}) (10. c3 $5 Qxd1+ 11. Rxd1 Nbc6 12. h5 h6 13. Bd3 Bd7
14. Ne2 Na5 15. Rb1 b6 16. g4 Nc4 17. Bc1 Rc8 18. f3 Rf8 19. Kf2 $14 {1-0
Milos,G-Kindermann,S/Wch Groningen 1997/CBM 63 (39)}) 10... Qxd4 11. Nf3 Qe4+
12. Be2 Nbc6 13. Bc3 (13. h5 h6) 13... h6 (13... Ng6 14. O-O Ngxe5 15. Nxe5
Nxe5 16. Bb5+ $44) 14. Kf1 Nf5 (14... O-O $5 15. Bd3 Qg4) 15. Bd3 Qg4 (15...
Qa4 16. Bb5 Qxa3 17. Bb4 Qa2) 16. Rh3 b6 17. Kg1 Bb7 18. Qf1 Qa4 (18... O-O-O)
(18... O-O $5 19. Nh2 Qa4 20. g4 Nfd4) 19. Bb4 $1 a6 (19... Rc8 20. Rb2 $1 $16
{[%cal Rd3b5]} (20. Bb5 Qxc2 21. Rc1 Qe4)) 20. Bxf5 exf5 21. Qd3 g6 $2 (21...
Qb5 22. Qxb5 (22. Qxf5 Bc8 $1 (22... a5 $2 23. e6 $18) (22... Nxb4 23. Rxb4 $36
) 23. e6 $8 Bxe6 24. Re1 O-O-O $1 25. Rxe6 fxe6 26. Qxe6+ Kb7 27. Qf7+ Ka8 $19)
22... axb5 23. Bd6 $44) 22. e6 $5 (22. Bd6 $5) (22. h5 $5) 22... fxe6 23. Qe3 {
[%csl Ra4][%cal Re3e6,Re3b6]} O-O-O (23... Nd8 $5 24. Ne5 Qxc2 25. Re1 $40) 24.
Qxb6 Qb5 25. Qe3 Rde8 (25... a5 $2 26. Qxe6+ Rd7 27. Ne5 $1 Nxe5 28. Qxe5 Rhd8
29. Rc3+ Bc6 30. Qe6 $18) 26. a4 Qc4 (26... Qxa4 $5) 27. Qb6 Nxb4 (27... Qxc2
28. Bd6) 28. Rxb4 Qc6 29. Qd4 (29. Qa7 {[%cal Rf3e5,Rh3c3]} d4 $1 (29... e5 30.
Nxe5 $1 Rxe5 31. Rxb7 $1 $18)) 29... Rh7 (29... Qxc2 30. Ne5 $18) 30. Ne5 Qd6
31. Rc3+ $2 {Miss easy victory, possible after} (31. Rb6 $1 Qf8 (31... Qd8 32.
Rc3+ Rc7 33. Nf7 $1 $18) 32. Rc3+ Kb8 (32... Rc7 33. Rxc7+ Kxc7 34. Qc3+ $1
Kxb6 35. Nd7+ Ka7 36. Nxf8 $18) 33. Nc6+ Ka8 34. Rb1 Bxc6 35. Rxc6 Ra7 36. Rxe6
$1 $18) 31... Rc7 32. Rbb3 (32. Rcb3 $5 $18) 32... Rxc3 {Stronger was} (32...
Kb8 $1 {with little chanses for escape after for example} 33. Rb6 Qxb6 34. Nd7+
Rxd7 35. Qxb6 g5 $16) 33. Rxc3+ Kb8 34. Nf7 $2 {Why not} (34. Nc6+ $1 Bxc6 35.
Qb6+ Ka8 36. Qxa6+ Kb8 37. Rxc6 $18) 34... e5 35. Nxd6 (35. Re3 $1 $16) 35...
exd4 36. Rb3 Re1+ 37. Kh2 Re7 38. Rb4 (38. Kg3 Ka7 39. Rxb7+ Rxb7 40. Nxb7 Kxb7
41. Kf4 Kb6 $1) 38... a5 $6 39. Rxd4 $2 (39. Rb5 Rd7 40. Nxb7 Rxb7 41. Rxa5 Rc7
42. Rxd5 Rxc2 43. Rxd4 $16) 39... Re2 40. Nxb7 Kxb7 41. Rxd5 Rxf2 42. Rd6 $6 (
42. h5 gxh5 43. Rxa5 f4 $11) (42. Rxa5 Rxc2 43. h5 f4 $1 $11) 42... Rf4 43.
Rxg6 $6 (43. g3 $5 $11) 43... Rxh4+ 44. Kg3 Rxa4 45. Rxh6 Rc4 {Unbelievly, but
after all suffering so much in the middlegame black went to ending with small 
( very small!) chanses for success.} 46. Rd6 a4 47. Rd5 f4+ 48. Kf3 Kb6 49. Rd8
Rxc2 50. Kxf4 Rxg2 51. Ke3 Kc5 52. Kd3 $11 Kb4 53. Rb8+ Ka3 54. Kc3 Ka2 55. Rh8
a3 56. Rh7 Rg1 57. Kc2 Rg8 58. Rc7 Rg2+ 59. Kc1 Kb3 60. Rb7+ Ka2 1/2-1/2

[Event "Linares 16th"]
[Site "Linares"]
[Date "1999.03.01"]
[Round "7"]
[White "Svidler, Peter"]
[Black "Ivanchuk, Vassily"]
[Result "0-1"]
[WhiteElo "2713"]
[BlackElo "2714"]
[Annotator "Psakhis,L"]
[PlyCount "78"]
[EventDate "1999.02.21"]
[EventType "tourn"]
[EventRounds "14"]
[EventCountry "ESP"]
[EventCategory "20"]
[SourceTitle "CBM 070"]
[Source "ChessBase"]
[SourceDate "1999.06.08"]
[SourceVersion "1"]
[SourceVersionDate "1999.06.08"]
[SourceQuality "1"]

{[%mdl 32768]} 1. e4 {Kortschnoj} e6 2. d4 d5 3. Nc3 Bb4 4. e5 c5 5. a3 Bxc3+
6. bxc3 Ne7 7. Qg4 Qc7 8. Qxg7 Rg8 9. Qxh7 cxd4 10. Ne2 Nbc6 11. f4 Bd7 12. Qd3
dxc3 13. Rb1 (13. Qxc3 $5) (13. Nxc3 $5) 13... O-O-O 14. Nxc3 Na5 15. g3 {
It looks, that move in the text doesn,t raised real problems for black.
Another interesting possibility could be} (15. Nb5 $5 {for example} Bxb5 16.
Rxb5 Kb8 (16... Nf5 17. g3 $1 Nc4 18. Bh3 Qd7 19. Rb4 Kb8 20. O-O Rc8 21. Rd1
$16 {1-0 Rodriguez,A-Larrosa,J/Orense 1997/EXT 99 (53)}) 17. Qd2 $5 {
improvement, compare to} (17. g3 Rc8 18. Bd2 Nc4 19. Bg2 Qc6 20. Rb3 Nf5 21.
O-O Nxd2 22. Qxd2 Qxc2 23. Qb4 b6 $11 {0-1 Carlsson,D-Antonsen,M/Hallsberg jr
1993 (53)}) (17. Be3 $5) 17... Nc4 18. Qf2 d4 (18... Nxa3 $2 19. Rc5 $18) 19.
Rb3 (19. Bd3 $2 Qc6 $1) 19... Nd5 $1 $44 {with double eged game.} (19... Nf5
20. Bd3 Qa5+ 21. Ke2 Qd5 22. Rg1 Nfe3 23. Qf3 Na5 24. Rb5 $16 {1-0 Rodriguez,
A-Paredes,E/Mondariz op 1994 (34)})) ({Other moves are not very dangerous for
Black, for instance} 15. Rg1 Kb8 16. g4 Ng6 17. Nb5 Bxb5 18. Qxb5 Nc4 19. Rg3
Ka8 20. a4 Rd7 21. Rbb3 a6 22. Qb4 Rc8 $44 {0-1 Sanden,S-Schulman,J/Rilton Cup
1997 (31)}) ({or} 15. h3 Kb8 16. Ne2 Nec6 17. g4 Nc4 18. Qc3 Be8 19. g5 Qe7 20.
h4 Qc5 21. h5 d4 $36 {1/2-1/2 Timoshenko,G-Poldauf,D/Cairo-B 1997 (29)}) 15...
Kb8 {[%cal Gd8c8] '!' Kortschnoj. Kortschnoj: 'This move is stronger than 15...
a6, what has been played before - black obtains a good game.'} 16. Ne2 Ba4 17.
c3 $6 {N/ New and not the best move, it was better to continue Kortschnoj:
'Dubious move'} (17. Nd4 {and after, for example} Rc8 (17... Nf5 18. Rb4 (18.
Be3 b6 19. Nxf5 Bxc2 20. Rc1 Bxd3 21. Rxc7 Kxc7 22. Bxd3 exf5 23. Bxf5 $44) (
18. Nb3 {Kortschnoj} Rc8 {black would have had anyway a very active position.})
18... Nxd4 19. Rxa4 Nxc2+ 20. Kd1 Rc8 21. Bd2 Nc4 22. Rxc4 dxc4 23. Qxc2 Qc6
24. Rg1 c3 25. Bc1 Qb6 $132 {1/2-1/2 Pedzich,D-Pupo,E/Santiago Wch-jr 1990 (31)
}) 18. Bd2 Nec6 (18... Nc4 $13) 19. Nb5 Bxb5 20. Qxb5 Nc4 21. Qc5 Qd7 22. Qf2
Nxa3 $36 {game is compleatly unclear, 1/2-1/2 Kokkila,T-Norri,J/Espoo KvT 1987
(29)}) 17... Nf5 (17... Bb3 $5) 18. Bh3 $6 {Allows breakthrough in the centre
of the board. Maybe better was to play} (18. Rb4 $5 Bb3 $1 $13 {with unclear
position}) (18. Nd4 Nxd4 19. Qxd4 Bc2 20. Rb2 Nb3 21. Qe3 (21. Qb4 a5 $1 22.
Qb5 Qxc3+ 23. Kf2 Qd4+ 24. Ke1 (24. Be3 Qxb2) 24... Qe4+ 25. Kf2 Qxh1 $19)
21... Be4 (21... d4 $5) 22. Rg1 Nxc1 23. Qxc1 Qc5 {'-+' Kortschnoj.} 24. Rf2 d4
$36) 18... d4 $1 {'-/+!' Kortschnoj. White needs good advice after this
typical move.} 19. Bd2 {What else?} (19. Bxf5 dxc3 20. Nd4 (20. Qxc3 Rd1+ 21.
Kf2 Rxh1 22. Qxc7+ Kxc7 $19) 20... exf5 21. Rb4 Bc6 22. O-O Be4 {[%csl Ge4]
[%cal Rd8d3,Ga5c6]}) (19. Kf2 Bc6 $1 20. Rg1 Rh8 21. Bxf5 Rxh2+ $17) ({Maybe
Svidler just forgot that in the case of} 19. O-O dxc3 20. Qxc3 Qxc3 21. Nxc3 {
he lose after simple combination} Nxg3 $1 22. Nxa4 (22. hxg3 Rxg3+ 23. Kh2 Rxc3
$19) 22... Nxf1+ 23. Kxf1 Rd1+ 24. Ke2 Rgg1 25. Rb5 $1 Rxc1 26. Rxa5 (26. Kf2
b6) 26... Rc2+ 27. Ke3 Rxh2 $19 {[%csl Rh3]}) (19. c4 {Kortschnoj} Ne3 $1 $19)
19... Nb3 20. Bxf5 (20. c4 Nc5 21. Qf3 Bc6 $19) (20. cxd4 Nfxd4 21. Nxd4 Rxd4
22. Rxb3 (22. Qh7 Rgd8 $40) 22... Rxd3 23. Rxd3 Qc4 $1 24. Re3 $8 Qc2 $19 {
[%cal Rc2d1,Rg8d8]}) 20... dxc3 21. Qxc3 Nxd2 22. Qxc7+ Kxc7 23. Rc1+ Bc6 $1 {
[%csl Gc6,Gd2]} 24. Bh3 (24. Bc2 Kb6) 24... Kb6 25. Rxc6+ {White can,t keep
material equality any case} (25. Kf2 Bxh1 26. Rxh1 Rd3) 25... bxc6 $17 26. Kf2
c5 27. Bg2 c4 28. h4 {Pawn h - last whites hope} Nb3 29. h5 Rd2 {'-+'
Kortschnoj.} 30. Ke3 (30. h6 Nd4 31. Bf3 Kc5) 30... Ra2 31. h6 Rxa3 32. h7 Rh8
33. Nc3 Ka5 34. Ne4 Nc5+ ({Interesting alternative to the move in the game
could be} 34... Kb4 $5 {for example} 35. Ng5 Nc5+ 36. Kf2 Nd3+ 37. Ke3 Nxe5+
38. Kd4 Ng4 39. Nxf7 Rd3+ 40. Ke4 Kc5 $1 41. Rh5+ Rd5 $19) 35. Ke2 {
Unfortunately the king can't move into the centre -} (35. Kd4 Kb4 $1 (35...
Nxe4 {Kortschnoj} 36. Bxe4 Kb4 {with a threat Rd8-+}) 36. Nxc5 Rd8+ 37. Nd7
Rxd7+ 38. Ke4 Kc5 $1 {[%cal Rd7d4] loses immediately}) 35... Nxe4 {Unnacuracy
in won position} (35... Ra2+ $142 $1 36. Ke3 Rxg2 37. Nxc5 Rxg3+ 38. Kd4 Kb5
$19 {leads to easy victory}) 36. Bxe4 Rxg3 37. Rb1 Rh3 38. Kd2 $2 ({After} 38.
Rb7 $142 {Black must demonstrate good ending technique, after move in the text,
game is over.}) 38... Rd8+ 39. Kc2 Rd4 (39... Rd4 40. Rh1 Rxh1 41. Bxh1 Rd8 $19
) 0-1